000 00821na a2200217 4500
001 22505
003 MIRAKIL
005 20181213155134.0
008 170215b tu 000 0
040 _aMilas
_btur
_cTR-AnCHP
041 _atur
082 _a351.7225
_bA72i 2007
090 _a351.7225 A72i 2007
110 _aAtatürk Kültür, Dil ve Tarih Yüksek Kurumu Başkanlığı
245 _a2007 mali yılı kesin hesabı
_cAtatürk Kültür, Dil ve Tarih Yüksek Kurumu Başkanlığı
260 _aAnkara
_bAtatürk Kültür, Dil ve Tarih Yüksek Kurumu Başkanlığı
_c2007
300 _a45 s.
_btbl.
_c20 sm.
610 _aAtatürk Kültür, Dil ve Tarih Yüksek Kurumu Başkanlığı
_xKesin bütçe
_y2007
710 _aAtatürk Kültür, Dil ve Tarih Yüksek Kurumu Başkanlığı
942 _2ddc
_cBKS
999 _c7294
_d7294